000 01216cam a2200349 i 4500
001 17667930
003 OSt
005 20241030082637.0
008 130321s2013 maua b 001 0 eng
010 _a 2012050531
020 _a9780262019354 (hardcover : alk. paper)
040 _aDLC
_beng
_cDLC
_erda
_dDLC
042 _apcc
050 0 0 _aQ175.32.K45
_bY36 2013
080 _a001
_bY-22
082 0 0 _a001.01
_223
100 1 _aYanofsky, Noson S.,
_d1967-
245 1 4 _aThe outer limits of reason :
_bwhat science, mathematics, and logic cannot tell us /
_cNoson S. Yanofsky.
260 _aCambridge, Massachusetts :
_bThe MIT Press,
_c[2013]
300 _axiv, 403 p.
_billustrations ;
_c24 cm
336 _atext
_2rdacontent
337 _aunmediated
_2rdamedia
338 _avolume
_2rdacarrier
504 _aIncludes bibliographical references (pages [379]-391) and index.
650 0 _aKnowledge, Theory of.
650 0 _aScience
_xPhilosophy.
650 0 _aMathematics
_xPhilosophy.
653 _aფილოსოფია
906 _a7
_bcbc
_corignew
_d1
_eecip
_f20
_gy-gencatlg
942 _2udc
_cBK
999 _c497
_d497